000 00635nam a22002297a 4500
003 OSt
005 20140310182933.0
008 130131t xxu||||| |||| 00| 0 eng d
020 _a9715843646
050 _aJQ 1431
_b.D188 2004
082 _aFIL 320.4599
_b.D188 2004
245 _aPolitics, governance and government with Philippine constitution
_cDannug, Roman R., Campanilla, Marlo B.
260 _aQuezon City
_bC & E Pub
_c2004
300 _a567 p.
_bill.
_c22 cm.
521 _aCollege
526 _c1210L-1700L
541 _j1
541 _j2
541 _j3
562 _e3
942 _2lcc
_cBK
_kFIL
999 _c17561
_d17561